Annales de roentgénologie et radiologie (Record no. 181)
[ view plain ]
| 000 -LEADER | |
|---|---|
| campo de control de longitud fija | 00946nas a2200277 i 4500 |
| 001 - NÚMERO DE CONTROL | |
| campo de control | 181 |
| 003 - IDENTIFICADOR DE NÚMERO DE CONTROL | |
| campo de control | ES-MaACL |
| 005 - FECHA Y HORA DE LA ÚLTIMA TRANSACCIÓN | |
| campo de control | 20250901090022.0 |
| 007 - CAMPO FIJO DE DESCRIPCIÓN FÍSICA--INFORMACIÓN GENERAL | |
| campo de control de longitud fija | t| |
| 008 - DATOS DE LONGITUD FIJA--INFORMACIÓN GENERAL | |
| campo de control de longitud fija | 950801d19221928ru | | 1 ||re d |
| 080 ## - NÚMERO DE LA CLASIFICACIÓN DECIMAL UNIVERSAL | |
| Número de la Clasificación Decimal Universal | 47 |
| 245 00 - MENCIÓN DEL TÍTULO | |
| Título | Annales de roentgénologie et radiologie |
| Resto del título | : journal de l`Institut d'Etat de Roentgénologie et Radiologie a Petersbourg / |
| Mención de responsabilidad, etc. | dir. M. Nemenow. |
| 260 ## - PUBLICACIÓN, DISTRIBUCIÓN, ETC. | |
| Lugar de publicación, distribución, etc. | Petersbourg : |
| Nombre del editor, distribuidor, etc. | Goliske et Vilborg, |
| Fecha de publicación, distribución, etc. | 1922-1928 ( |
| Fabricante | Imp. Universitaires de France) |
| 300 ## - DESCRIPCIÓN FÍSICA | |
| Extensión | 3 v. ; |
| Dimensiones | 27 cm. |
| 310 ## - PERIODICIDAD ACTUAL | |
| Periodicidad actual | Trimestral |
| 362 0# - FECHAS DE PUBLICACIÓN Y/O DESIGNACIÓN SECUENCIAL | |
| Fecha de publicación y/o designación secuencial | T. I (1922)-(1928) |
| 500 ## - NOTA GENERAL | |
| Nota general | No se publicó de 1923-26. |
| 650 14 - PUNTO DE ACCESO ADICIONAL DE MATERIA--TÉRMINO DE MATERIA | |
| Término de materia o nombre geográfico como elemento de entrada | Patología. |
| 9 (RLIN) | 15884 |
| 650 #7 - PUNTO DE ACCESO ADICIONAL DE MATERIA--TÉRMINO DE MATERIA | |
| Término de materia o nombre geográfico como elemento de entrada | Radiología |
| Fuente del encabezamiento o término | embne |
| 9 (RLIN) | 140316 |
| 700 1# - ENTRADA AGREGADA--NOMBRE PERSONAL | |
| Nombre de persona | Nemenow, M, |
| 9 (RLIN) | 227390 |
| 710 20 - ENTRADA AGREGADA--NOMBRE DE ENTIDAD CORPORATIVA | |
| Nombre de entidad corporativa o nombre de jurisdicción como elemento de entrada | Institut d'Etat de Roentgénologie et Radiologie (San Petesburgo) |
| 9 (RLIN) | 4747 |
| 852 ## - LOCALIZACIÓN | |
| Ubicación | ES-MaACL |
| Número de control de estantería | HEM-D-127 |
| Encuadernación | Olim:HEM-1325 |
| 866 #0 - MENCIÓN TEXTUAL DE FONDOS--UNIDAD BIBLIOGRÁFICA BÁSICA | |
| Fondos | 1922.(1927-28). |
| 942 ## - ELEMENTOS DE ENTRADA SECUNDARIOS (KOHA) | |
| Fuente del sistema de clasificación o colocación | Clasificación decimal universal |
| Estatus retirado | Estado de pérdida | Estado de daño | No para préstamo | Colección | Biblioteca de origen | Biblioteca actual | Ubicación en estantería | Fecha de adquisición | Fuente de adquisición | Total de préstamos | Signatura topográfica completa | Código de barras | Visto por última vez | Precio de reemplazo | Tipo de ítem Koha |
|---|---|---|---|---|---|---|---|---|---|---|---|---|---|---|---|
| Periódicos y Revistas | Biblioteca del Ateneo de Madrid | Biblioteca del Ateneo de Madrid | Depósito 2 | 17/01/2008 | HEM-D-127 | 1000182 | 23/02/2023 | 23/02/2023 | Revista |
